000 00328nam a22001097a 4500
008 260422b |||||||| |||| 00| 0 eng d
100 _aAggarwala, Adish C and Marchington, Sarah J
245 _aNarendra Modi- A Charismatic and Visionary Statesman
260 _aNew Delhi
_bAmish Publications
_c2017
300 _a340p
942 _2ddc
999 _c1243
_d1243